000 00311nam a2200121Ia 4500
008 190216s9999||||xx |||||||||||||| ||und||
100 _aArthur Conan Doyle
245 4 _aThe Hound Of The Baskervilles
260 _b"University Book Publishers, Calicut"
_c1996
300 _a162p
650 _aNovel
942 _cBK
999 _c14187
_d14187